01026nab a22001937a 4500003000400000005001700004008004100021040000700062100002600069245008000095260007200175300001200247505021500259505010700474505008900581650001800670650002600688773011800714OSt20260121184526.0190502c xxu||||| |||| 00| 0 spa d cPJ aGrbavac, Hernán D. 1 aPrincipio de legalidad y “juicios de la verdad” /cHernán D. Grbavac. aCiudad Autónoma de Buenos Aires :bThomson Reuters La Ley,c2024. ap. 3-12 aSumario: I. Introducción.— II. El “juicio de la verdad”.— III. El principio de legalidad y la aplicación de la ley penal más benigna: sus alcances en el derecho argentino.— IV. Bibliografía.  aFallo comentado: CFCasación Penal, sala II, 22/05/2023. - T., H. L. y otro s/ recurso de casación. t¿Te interesa el texto completo? Solicitalo al correo: koha@justierradelfuego.gov.ar 0aDERECHO PENAL 0aLEY PENAL MAS BENIGNA0 02729dBuenos Aires : LexisNexis, 2006-tRevista de derecho penal y procesal penal. Nº 5 - Mayo 2024z9875920622